| 000 | 00603pam a2200229 i 4500 | ||
|---|---|---|---|
| 001 | 2705771 | ||
| 005 | 20180312055902.0 | ||
| 008 | 760220s1976 njua b 001 0 eng | ||
| 010 | _a 76004987 | ||
| 020 | _a0137505051 | ||
| 040 |
_aDLC _cDLC _dDLC |
||
| 041 | _aeng | ||
| 060 | _aQY250 P238r | ||
| 080 | _a616.079028 PAR | ||
| 082 | 0 | 0 | _a616.079028 PAR |
| 100 | 1 | _a11 | |
| 101 | _aBIO | ||
| 245 | 1 | 0 |
_aRadioimmunoassay of biologically active compounds / _cCharles W. Parker. |
| 504 | _aBibliography: p. 215-228. | ||
| 906 |
_a7 _bcbc _corignew _d1 _eocip _f19 _gy-gencatlg |
||
| 942 |
_2ddc _cBK |
||
| 999 |
_c44703 _d44703 |
||